| 000 | 00855nas a2200265 4500 | ||
|---|---|---|---|
| 001 | BR9211783 | ||
| 003 | BR-BrBNA | ||
| 005 | 20231205093525.0 | ||
| 007 | ta | ||
| 008 | 230509b bl.|||p| |||| 00| 00por d | ||
| 040 |
_aBR-BrBNA _bpor _cBiblioteca Nacional de Agricultura |
||
| 041 | _a(Pt) | ||
| 072 | _aL01 | ||
| 100 | 1 | _aCouto, R.H.N. | |
| 100 | 1 | _aSalles, L.A. | |
| 100 | 1 | _aCouto, L.A. | |
| 245 | 1 | _aProducao de cria e alimento em colmeias de Apis mellifera confinadas e tratadas com racao proteica | |
| 246 | 1 | _aEffects of feeding honeybee hive in confinement with rations on the production of brood and food | |
| 650 | _aABELHA | ||
| 650 | _aRACAO | ||
| 650 | _aCOLMEIA | ||
| 773 | 0 |
_tEcossistema (Brazil) _xISSN 0100-4107 _g(Oct 1989), v. 14 p. 213-218 _wBR9211783 |
|
| 909 |
_a202311 _bLúcia _c55 _dLúcia Elande |
||
| 942 |
_2AGRIS _n0 _cANA |
||
| 999 |
_c138980 _d138980 |
||